<?xml version="1.0" encoding="UTF-8"?>
<record
    xmlns:xsi="http://www.w3.org/2001/XMLSchema-instance"
    xsi:schemaLocation="http://www.loc.gov/MARC21/slim http://www.loc.gov/standards/marcxml/schema/MARC21slim.xsd"
    xmlns="http://www.loc.gov/MARC21/slim">

  <leader>01618nam a22001697a 4500</leader>
  <controlfield tag="008">120612t        xxu||||| |||| 00| 0 eng d</controlfield>
  <datafield tag="020" ind1=" " ind2=" ">
    <subfield code="a">0130391425</subfield>
  </datafield>
  <datafield tag="050" ind1=" " ind2=" ">
    <subfield code="a">HF5686.C8 C671</subfield>
  </datafield>
  <datafield tag="100" ind1=" " ind2=" ">
    <subfield code="a">Horngren, Charles T.</subfield>
  </datafield>
  <datafield tag="245" ind1=" " ind2=" ">
    <subfield code="a">Cost accounting : a managerial emphasis. /</subfield>
    <subfield code="c">Charles T. Horngren</subfield>
  </datafield>
  <datafield tag="260" ind1=" " ind2=" ">
    <subfield code="a">Toronto:</subfield>
    <subfield code="b">Prentice - Hall,</subfield>
    <subfield code="c">2004.</subfield>
  </datafield>
  <datafield tag="300" ind1=" " ind2=" ">
    <subfield code="a">iv, 24-36 p.:</subfield>
    <subfield code="c">28cm.</subfield>
  </datafield>
  <datafield tag="505" ind1=" " ind2=" ">
    <subfield code="a">Contents: The Accountant's role in the organization -- An Introduction of cost terms and purposes -- Costs- volume - profit analysis -- Job costing -- Activity-based costing and activity-based management -- Master budget and responsibility accounting -- Flexible budgets, variances and management control I -- Flexible budgets, variances and management control II -- Income effects of alternative inventory costing methods -- Determining how costs behave -- Decision making and relevant information -- Pricing decisions, products profitability decisions, and cost management -- Strategy, balanced scorecard, and strategic profitability analysis -- Cost allocation -- Cost allocation: Joint products by-products -- Revenues, sales variances and customers profitability analysis -- Process costing -- Spoilage, rework and scrap -- Cost management : quality, time and the theory of constraints -- Inventory management, just-in-time, and backflush costing -- Capital budgeting : a closer look -- Management control systems, transfer pricing, and multinational considerations -- Performance measurement, compensation, multinational considerations.</subfield>
  </datafield>
  <datafield tag="700" ind1=" " ind2=" ">
    <subfield code="a">Charles T. Horngren </subfield>
  </datafield>
  <datafield tag="700" ind1=" " ind2=" ">
    <subfield code="a">George Foster</subfield>
  </datafield>
  <datafield tag="942" ind1=" " ind2=" ">
    <subfield code="2">lcc</subfield>
    <subfield code="c">BK</subfield>
  </datafield>
  <datafield tag="999" ind1=" " ind2=" ">
    <subfield code="c">1262</subfield>
    <subfield code="d">8762</subfield>
  </datafield>
  <datafield tag="952" ind1=" " ind2=" ">
    <subfield code="0">0</subfield>
    <subfield code="1">0</subfield>
    <subfield code="2">lcc</subfield>
    <subfield code="4">0</subfield>
    <subfield code="7">0</subfield>
    <subfield code="a">WIUC-1</subfield>
    <subfield code="b">WIUC-1</subfield>
    <subfield code="c">GEN</subfield>
    <subfield code="d">2012-06-12</subfield>
    <subfield code="l">0</subfield>
    <subfield code="o">HF5686.C8 C671</subfield>
    <subfield code="p">3416/12</subfield>
    <subfield code="r">2012-06-12 00:00:00</subfield>
    <subfield code="t">1</subfield>
    <subfield code="w">2012-06-12</subfield>
    <subfield code="y">BK</subfield>
  </datafield>
</record>
